000 00415nam a2200181Ia 4500
008 210210b1944 xxu||||| |||| 00| 0 eng d
041 _aeng
082 _a828/675
100 _aWERFEL (F)
245 _aBetween heaven and earth
260 _aNew York
_bPhilosophical Library.,
_c1944
650 _aheaven
650 _aearth
650 _aBetween
650 _aand
690 _aBiography
906 _a016520
999 _c136073
_d136073